Logo BPK

Biblioteka

Politechniki Koszalińskiej

Zróżnicowanie przestrzenne obszarów wiejskich w aspekcie społeczno-demograficznym / (Rekord nr 42503)

Szczegóły MARC
000 -ETYKIETA REKORDU
podpole kontrolne o stałej długości 01248nam a2200265 i 4500
001 - NUMER KONTROLNY REKORDU
pole kontrolne bg
020 ## - MIĘDZYNARODOWY ZNORMALIZOWANY NUMER KSIĄŻKI - ISBN
ISBN 8388731769
040 ## - ŹRÓDŁO KATALOGOWANIA
Instytucja, która utworzyła rekord BPK
041 0# - KOD JĘZYKA
Kod języka tekstu pol
080 ## - UNIWERSALNA KLASYFIKACJA DZIESIĘTNA - UKD
UKD 338.49:364.48:314](438-22)"1980/..."
920 ## - Międzynarodowy znormalizowany numer książki – ISBN
ISBN 83-88731-76-9
008 - POLE O STAŁEJ DŁUGOŚCI - DANE KONTROLNE
podpole kontrolne o stałej długości s pl f |000 0 pol
245 00 - TYTUŁ/ODPOWIEDZIALNOŚĆ
Tytuł Zróżnicowanie przestrzenne obszarów wiejskich w aspekcie społeczno-demograficznym /
Pozostałe elementy strefy tytułu i oznaczenia odpowiedzialności pod red. Eugeniusza Rydza ; Komisja Obszarów Wiejskich Polskiego Towarzystwa Geograficznego w Warszawie, Zakład Geografii Społeczno-Ekonomicznej i Turystyki. Instytut Geografii Pomorskiej Akademii Pedagogicznej w Słupsku.
260 ## - STREFA ADRESU WYDAWNICZEGO
Miejsce wydania Słupsk :
Nazwa wydawcy/dystrybutora Wydaw. PAP,
Data publikacji, dystrybucji/powstania dokumentu 2002.
300 ## - STREFA OPISU FIZYCZNEGO
Objętość 161 s. :
Inne cechy fizyczne il., mapy (w tym kolor.) ;
Rozmiary 25 cm.
504 ## - UWAGA DOTYCZĄCA BIBLIOGRAFII
Informacje o bibliografii Bibliogr. przy rozdz.
650 #9 - HASŁO PRZEDMIOTOWE W FORMIE NAZWY OGÓLNEJ LUB JEDNOSTKOWEJ
Nazwa ogólna lub geograficzna Infrastruktura społeczna
Określnik geograficzny Polska
Określnik chronologiczny od 1980 r.
650 #9 - HASŁO PRZEDMIOTOWE W FORMIE NAZWY OGÓLNEJ LUB JEDNOSTKOWEJ
Nazwa ogólna lub geograficzna Infrastruktura techniczna
Określnik geograficzny Polska
Określnik chronologiczny od 1980 r.
650 #9 - HASŁO PRZEDMIOTOWE W FORMIE NAZWY OGÓLNEJ LUB JEDNOSTKOWEJ
Nazwa ogólna lub geograficzna Wieś
Określnik ogólny gospodarka
Określnik geograficzny Polska
Określnik chronologiczny od 1980 r.
650 #9 - HASŁO PRZEDMIOTOWE W FORMIE NAZWY OGÓLNEJ LUB JEDNOSTKOWEJ
Nazwa ogólna lub geograficzna Wieś
Określnik ogólny ludność
Określnik geograficzny Polska
Określnik chronologiczny od 1980 r.
700 1# - HASŁO DODATKOWE - NAZWA OSOBOWA
Nazwa osobowa RYDZ, Eugeniusz.
Określenie związku między hasłem a opisywanym materiałem Red.
710 #0 - HASŁO DODATKOWE - NAZWA CIAŁA ZBIOROWEGO
Nazwa ciała zbiorowego lub jednostki geograficznej Pomorska Akademia Pedagogiczna (Słupsk)
Nazwa jednostki podrzędnej Instytut Geografii. Zakład Geografii Społeczno-Ekonomicznej i Turystyki
710 #0 - HASŁO DODATKOWE - NAZWA CIAŁA ZBIOROWEGO
Nazwa ciała zbiorowego lub jednostki geograficznej Polskie Towarzystwo Geograficzne
Nazwa jednostki podrzędnej Komisja Obszarów Wiejskich
856 ## - LOKALIZACJA I DOSTĘP DO ELEKTRONICZNYCH DOKUMENTÓW ZDALNYCH
Link (URL) http://koha.tu.koszalin.pl/cgi-bin/koha/opac-detail.pl?biblionumber=42503
Tekst linku Katalog online BPK
942 ## - DODATKOWE ELEMENTY (KOHA)
Typ dokumentu Książka
Egzemplarze
Wycofany Status egzemplarza Uszkodzony Dostępność Lokalizacja stała Lokalizacja bieżąca Miejsce przechowywania Sygnatura Kod kreskowy Dział Typ dokumentu
      Tylko na miejscu Biblioteka Politechniki Koszalińskiej Biblioteka Politechniki Koszalińskiej Czytelnia Wydziałowa ul. Kwiatkowskiego 6e 66801 01981636 338.43 Ekonomika rolnictwa. Gospodarka żywnościowa Książka
© 2023 Biblioteka Politechniki Koszalińskiej :: KOHA